| 000 | 00755nam a22002177a 4500 | ||
|---|---|---|---|
| 003 | NUST-PNEC | ||
| 005 | 20170116180743.0 | ||
| 008 | 150106b xxu||||| |||| 00| 0 eng d | ||
| 020 | _a0749431253 | ||
| 020 | _a9780749431259 | ||
| 040 | _cPNEC | ||
| 082 | _a658.31124 EDE | ||
| 100 |
_91170 _aEdenborough, Robert |
||
| 245 |
_aEffective interviewing : a handbook of skills, techniques and applications _cRobert Edenborough |
||
| 260 |
_aLondon: _bKogan Page, _cc1999. |
||
| 300 |
_a178 p. : _bill.; _c24 cm. |
||
| 500 | _aIncludes Index | ||
| 650 | _xIME | ||
| 856 | _uhttp://www.amazon.com/Effective-Interviewing-Handbook-Techniques-Applications/dp/0749431253/ref=sr_1_1?s=books&ie=UTF8&qid=1420523836&sr=1-1&keywords=0749431253 | ||
| 942 |
_2ddc _cBK |
||
| 999 |
_c62246 _d62246 |
||